| 000 | 01569cam a2200445 a 4500 | ||
|---|---|---|---|
| 001 | 20408 | ||
| 003 | VRT | ||
| 005 | 20260122120559.0 | ||
| 008 | 240315s2001 xo e 00000 slo | ||
| 015 | _aSNBA2001/09-03263 | ||
| 020 | _a8088915651 (viaz.) | ||
| 035 | _aSNK000371252 | ||
| 035 | _aurn:nbn:sk:snk-amkn15 | ||
| 035 | _aurn:nbn:sk:snk-am0089qm | ||
| 035 | _aB248D1A0-C338-4058-A6AA-B804CD099096 | ||
| 039 | 9 |
_a202502251135 _bmsnk162 _c202403151728 _dVLOAD _c201803151028 _dAUTHORITY _c201803080854 _dmbjkdg02 |
|
| 040 |
_aSNK _bslo _cSNK _eAACR2 |
||
| 041 | 1 |
_aslo _heng |
|
| 044 |
_axo _cSK |
||
| 080 |
_a159.923.5 _21981 |
||
| 100 | 1 |
_aMurphy, Joseph, _d1898-1981 _4aut |
|
| 240 | 1 | 4 |
_aThe amazing laws of cosmic mind power _lSlovensky |
| 245 | 1 | 0 |
_aZákony myslenia a viery _bbudete tým, čo si myslíte a v čo veríte _cJoseph Murphy ; [preklad Monika Sýkorová] |
| 250 | _a2. vyd. | ||
| 260 |
_a[Bratislava] _bAktuell _cc2001 |
||
| 300 |
_a231 s. _c20 cm |
||
| 500 | _aÚdaj o prekl. prevzatý z rubu tit. strany | ||
| 650 | 0 | 7 |
_apodvedomie _2SNKPH |
| 650 | 0 | 7 |
_arozvoj osobnosti _2SNKPH |
| 655 | 7 |
_apríručky _2SNKPH |
|
| 700 | 1 |
_aSýkorová, Monika _4trl |
|
| 910 | _asnk | ||
| 910 | _abjkdg | ||
| 942 |
_2ddc _cOLDO _n0 |
||
| 949 |
_63Z9A13713 _abpksh159.913 _bbpksh60157 |
||
| 949 |
_617A0307708 _9P60, <03>, [BOOK], {603} _asnkSD 71640 _bsnkKSP 8176/2001 |
||
| 949 |
_617A0307707 _9P60, <04>, [BOOK], {604} _asnkSD 71640 D1 _bsnkKSP 8177/2001 |
||
| 949 |
_62889746324 _asavukPV 3796 |
||
| 999 |
_c20408 _d20408 |
||